000 00525cam a2200181ua 4500
020 _a0 7134 35003 3
041 _aeng
_h
082 _a631.587
_bSME/LA
100 _aSmedana, Lambert K .
245 _aLand drainage: Planning and design of agricultural drainage systems /
_cLambert K Smedana.
_hTextual Documents
250 _a1 /
_b.
260 _aLondon :
_bBats ford academic&educational Ltd ,
_c1983.
300 _a376 ; .
504 _a
700 1 _aRycroft, David W .
942 _cBK
999 _c7413
_d7413